Т. 6 А (12) : Винословие - Волан; Энциклопедический словарь

Bibliographic Details
Parent link:Энциклопедический словарь/ издатели Ф. А. Брокгауз, И. А. Ефрон; под ред. К. К. Арсеньева, Ф. Ф. Петрушевского. Т. 6 А (12) : Винословие - Волан.— , 1890 -.
Summary:Текст в русской дореформенной орфографии
Language:Russian
Published: 1892
Subjects:
Format: Book
KOHA link:https://koha.lib.tpu.ru/cgi-bin/koha/opac-detail.pl?biblionumber=94288

MARC

LEADER 00000nam2a2200000 4500
001 94288
005 20231031105609.0
035 |a (RuTPU)RU\TPU\book\100983 
035 |a RU\TPU\book\100882 
090 |a 94288 
100 |a 20060410d1892 km y0rusy50 ca 
101 0 |a rus 
102 |a RU 
105 |a abcez 000zy 
200 0 |a Т. 6 А (12) : Винословие - Волан 
210 |d 1892 
215 |a с. 489 - 944  |c ил., цв. ил. 
300 |a Текст в русской дореформенной орфографии 
461 1 |0 (RuTPU)RU\TPU\book\100241  |t Энциклопедический словарь  |v Т. 6 А (12) : Винословие - Волан  |f издатели Ф. А. Брокгауз, И. А. Ефрон; под ред. К. К. Арсеньева, Ф. Ф. Петрушевского  |d 1890 -. 
516 1 |a Т. 12 : Винословие до Воланъ 
610 1 |a словари 
610 1 |a энциклопедии 
610 1 |a 19 век 
686 |a Я  |v LBC/SL-A  |2 rubbk 
801 1 |a RU  |b 63413507  |c 20060330  |g PSBO 
801 2 |a RU  |b 63413507  |c 20221202  |g PSBO 
942 |c BK